[Event "Lima Palma Memorial U1850 1st"]
[Site "Lima"]
[Date "2018.01.27"]
[Round "8.5"]
[White "Caja Ramirez, Angelo Gregory"]
[Black "Pizzardo, Yoel"]
[Result "1/2-1/2"]
[WhiteElo "1485"]
[BlackElo "1741"]
[PlyCount "35"]
[EventDate "2018.01.23"]
[EventType "swiss"]
[EventRounds "8"]
[EventCountry "PER"]
[SourceTitle "EXT 2024"]
[Source "ChessBase"]
[SourceDate "2023.10.10"]
[SourceVersion "1"]
[SourceVersionDate "2023.10.10"]
[SourceQuality "1"]

1. e4 c6 2. d4 d5 3. Nc3 dxe4 4. Nxe4 Nf6 5. Ng3 e5 6. Be3 exd4 7. Bxd4 Be6 8. Nf3 Be7 9. Be2 h6 10. 0-0 0-0 11. c4 c5 12. Bc3 Qxd1 13. Raxd1 Nc6 14. b3 Rfd8 15. h3 Rxd1 16. Rxd1 Rd8 17. Rxd8+ Bxd8 18. Nd2 1/2-1/2

[Event "Lima Palma Memorial U1850 1st"]
[Site "Lima"]
[Date "2018.01.25"]
[Round "4.2"]
[White "Collado, Victor"]
[Black "Pizzardo, Yoel"]
[Result "1-0"]
[WhiteElo "1775"]
[BlackElo "1741"]
[PlyCount "73"]
[EventDate "2018.01.23"]
[EventType "swiss"]
[EventRounds "8"]
[EventCountry "PER"]
[SourceTitle "EXT 2024"]
[Source "ChessBase"]
[SourceDate "2023.10.10"]
[SourceVersion "1"]
[SourceVersionDate "2023.10.10"]
[SourceQuality "1"]

1. b3 d5 2. Bb2 e6 3. e3 f5 4. c4 Nf6 5. Nf3 Bd6 6. Be2 0-0 7. a3 c6 8. b4 a6 9. Qb3 Qe7 10. d4 Nbd7 11. Nbd2 Ne4 12. Qd3 Qf6 13. 0-0 g5 14. Ne1 g4 15. f4 Qh4 16. g3 Nxg3 17. hxg3 Qxg3+ 18. Ng2 Rf6 19. e4 Qxd3 20. Bxd3 fxe4 21. Bxe4 Nf8 22. Bd3 h5 23. c5 Bc7 24. Rae1 Bd7 25. Nb3 a5 26. bxa5 Bxa5 27. Re5 Be8 28. Rg5+ Kh8 29. Nxa5 Rxa5 30. Nh4 Nh7 31. Re5 Bf7 32. Bc1 Ra4 33. Bb1 Kg8 34. Rd1 Rc4 35. f5 Rc3 36. Bd3 Nf8 37. Bg5 1-0

[Event "Lima Palma Memorial U1850 1st"]
[Site "Lima"]
[Date "2018.01.23"]
[Round "2.5"]
[White "Giraldo Arana, Jose Alfonso"]
[Black "Pizzardo, Yoel"]
[Result "1/2-1/2"]
[WhiteElo "1563"]
[BlackElo "1741"]
[PlyCount "69"]
[EventDate "2018.01.23"]
[EventType "swiss"]
[EventRounds "8"]
[EventCountry "PER"]
[SourceTitle "EXT 2024"]
[Source "ChessBase"]
[SourceDate "2023.10.10"]
[SourceVersion "1"]
[SourceVersionDate "2023.10.10"]
[SourceQuality "1"]

1. e4 d5 2. exd5 Qxd5 3. Nc3 Qa5 4. d4 c6 5. Nf3 Nf6 6. Bc4 Bf5 7. 0-0 e6 8. Bd2 Bb4 9. a3 Bxc3 10. Bxc3 Qc7 11. Ne5 Nbd7 12. Re1 Nxe5 13. Rxe5 Ng4 14. Rxf5 Qxh2+ 15. Kf1 Qh1+ 16. Ke2 Qxd1+ 17. Rxd1 exf5 18. d5 0-0 19. dxc6 bxc6 20. Rd7 Rfe8+ 21. Kf3 Ne5+ 22. Bxe5 Rxe5 23. Rxf7 Kh8 24. Ba6 h6 25. Bd3 Kg8 26. Bc4 Kh8 27. Bd3 a5 28. Rc7 Rc5 29. Ke3 Rb8 30. b3 a4 31. Bc4 axb3 32. cxb3 Rxb3+ 33. Bxb3 Rc3+ 34. Kf4 Rxb3 35. Kxf5 1/2-1/2

[Event "Lima Surco op 2nd"]
[Site "Lima"]
[Date "2017.07.09"]
[Round "4"]
[White "Pizzardo, Yoel"]
[Black "De la Vega, Jorge"]
[Result "1-0"]
[WhiteElo "1716"]
[BlackElo "1838"]
[PlyCount "43"]
[EventDate "2017.07.08"]
[EventType "swiss"]
[EventRounds "9"]
[EventCountry "PER"]
[SourceTitle "EXT 2018"]
[Source "ChessBase"]
[SourceDate "2017.10.13"]
[SourceVersion "1"]
[SourceVersionDate "2017.10.13"]
[SourceQuality "1"]

1. e4 c5 2. b3 Nc6 3. Bb2 e5 4. f4 g6 5. Nf3 Bg7 6. Bb5 d6 7. fxe5 Nh6 8. 0-0 0-0 9. Bxc6 bxc6 10. d3 Bxe5 11. Bxe5 dxe5 12. Nbd2 Bg4 13. h3 Bxf3 14. Qxf3 Qd6 15. Qe3 Kg7 16. Nc4 Qe7 17. Rf2 Rae8 18. Re1 f6 19. a4 Nf7 20. Qg3 Nd8 21. Ne3 Ne6 22. Nf5+ 1-0